000 00331nam a2200121Ia 4500
008 241028s9999 xx 000 0 und d
041 _aeng
082 _a658.1599 MAD
100 _aMadura
245 _aInternational Financial Management With Mindtap
260 _bCengage Learning India
_aAustralia
_c2018
300 _a712;. P. 25 CM
999 _c42960
_d42960